00658nam a2200133Ia 4500008004100000100001800041245011300059245020300172260005300375260000900428300001100437650001500448856006100463170221s9999 xx 000 0 und d aRais S. Safin aInnovative Entrepreneurship in Education: A New Look in the Students Training Content and Existing Problems  cRais S. Safin, Albina R. Shaidullina, Rovzat A. Alikhanova, Isita V. Muskhanova, Tatyana V. Yusupkhadzhieva, Lolita A. Dzhamalkhanova, Fariza V. Mezhidova, Venera M. Nigmetzyanova, Linar G. Akhmetov bInternational Review of Management and Marketing c2016 a6 : 2S xMarketing. uhttp://www.econjournals.com/index.php/irmm/issue/view/71